000 00750nam a22001817a 4500
999 _c10318
_d10318
003 GBCCL
005 20241126110729.0
008 240618b ||||| |||| 00| 0 eng d
040 _cgbc
082 _a261.245
_bMAN
245 _aManilal C. Parekh, 1885-1967, Dhanjibhai Fakirbhai, 1895-1967 :
_ba selection /
_cManilal Chhotalal Parekh, Dhanjibhai Fakirbhai, R. H. S. Boyd
260 _aBangalore, Madras :
_bChristian Literature Society for the Dept. of Research and Post-graduate Studies, United Theological College,
_c1974
300 _ax, 303, [1] pages ;
_c22 cm
440 _aLibrary of Indian Christian theology, 2
_917908
650 _aChristianity
_9479
650 _aChristianity and other religions
_vHinduism
_917909
942 _2ddc
_cBK